000 00999cam a22003015a 4500
001 016476505
003 OSt
005 20150810144035.0
008 130809t2014 enka frb 001 0 eng d
020 _a9781292025735 (pbk.)
040 _aIeDuTC
_beng
_cIeDuTC
_dUk
_dEG-ScBUE
082 0 4 _a621.3822
_bPRO
_222
100 1 _aProakis, John G.
_933146
245 1 0 _aDigital signal processing /
_cJohn G. Proakis, Dimitris K. Manolakis.
250 _a4th ed., Pearson new international ed.
260 _aHarlow :
_bPearson Education Limited,
_cc.2014.
300 _aII, 1014 p. :
_bill. ;
_c28 cm.
490 0 _aPearson custom library
500 _aThis edition originally published : 2007.
500 _aIndex : p. 1007-1014.
504 _aBibliography : 993-1006.
650 0 _aSignal processing
_xDigital techniques.
_2BUEsh
651 _2BUEsh
653 _bCOMSCI
_cJune2015
_cAugust2015
655 _vreading book
_934232
700 1 _aManolakis, Dimitris K.
942 _2ddc
_k621.3822 PRO
999 _c19854
_d19826